000 00467pab a2200157 454500
008 180718b2004 xxu||||| |||| 00| 0 eng d
100 _aBertrand, Marianne
245 _aAre Emily and Greg more employable than Lakisha and Jamal? A field experiment on labor market discrimination
260 _c2004
300 _ap.991-1013.
362 _aSep
650 _aLabour market
700 _aMullainathan, Sendhil
773 _aAmerican Economic Review
909 _a62999
999 _c62999
_d62999